Selected writings / (Record no. 9027)
[ view plain ]
| 000 -LEADER | |
|---|---|
| fixed length control field | 02158cam a2200301 a 4500 |
| 003 - CONTROL NUMBER IDENTIFIER | |
| JCCL marc code | BD-JhCC |
| 005 - DATE AND TIME OF LATEST TRANSACTION | |
| control field | 20180307131927.0 |
| 008 - FIXED-LENGTH DATA ELEMENTS--GENERAL INFORMATION | |
| fixed length control field | 100609s2010 nyu 000 0 eng d |
| 020 ## - INTERNATIONAL STANDARD BOOK NUMBER | |
| International Standard Book Number | 9781416599654 (pbk.) |
| 020 ## - INTERNATIONAL STANDARD BOOK NUMBER | |
| International Standard Book Number | 1416599657 (pbk.) |
| 035 ## - SYSTEM CONTROL NUMBER | |
| system control number | BD-JhCC |
| 040 ## - CATALOGING SOURCE | |
| Original cataloging agency | IMR |
| Transcribing agency | IMR |
| Modifying agency | BTCTA |
| -- | YDXCP |
| -- | DLC |
| -- | BD-JhCC |
| 041 ## - LANGUAGE CODE | |
| Language code of Book | eng |
| 050 00 - LIBRARY OF CONGRESS CALL NUMBER | |
| Classification number | PS1603 |
| Item number | .B35 2010 |
| 082 ## - DEWEY DECIMAL CLASSIFICATION NUMBER | |
| Author mark and Year | EME 2010 |
| 100 1# - MAIN ENTRY--PERSONAL NAME | |
| Personal name | Emerson, Ralph Waldo, |
| Dates associated with a name | 1803-1882. |
| 240 10 - UNIFORM TITLE | |
| Uniform title | Works. |
| 245 10 - TITLE STATEMENT | |
| Title | Selected writings / |
| Statement of responsibility, etc | Ralph Waldo Emerson ; supplementary materials written by Laura Baker ; series edited by Cynthia Brantley Johnson. |
| 260 ## - PUBLICATION, DISTRIBUTION, ETC. (IMPRINT) | |
| Place of publication, distribution, etc | New York : |
| Name of publisher, distributor, etc | Simon and Schuster Paperbacks, |
| Date of publication, distribution, etc | 2010. |
| 300 ## - PHYSICAL DESCRIPTION | |
| Pagination | xvi, 397 p. ; |
| Dimensions | 17 cm. |
| 490 0# - SERIES STATEMENT | |
| Series statement | Simon and Schuster enriched classic |
| 505 0# - FORMATTED CONTENTS NOTE | |
| Formatted contents note | Introduction -- Chronology of Ralph Waldo Emerson's life and work -- Historical context of the writings of Ralph Waldo Emerson. ADDRESSES AND ESSAYS : The American scholar -- The divinity school address, Nature, Self-reliance -- The Over-soul -- Circles -- The poet -- Experience -- Politics -- Montaigne ; or, The skeptic -- Thoreau -- The transcendentalist -- Fate. POEMS: Uriel -- The rhodora -- The snow-storm -- Threnody -- Concord hymn -- Brahma -- The Sphinx -- Each and all -- The problem -- Hamatreya -- The humble-bee -- Ode -- Give all to love -- Days -- Terminus. Notes -- Interpretive notes -- Critical excerpts -- Questions for discussion -- Suggestions for the interested. |
| 520 ## - SUMMARY, ETC. | |
| Summary, etc | This Enriched Classic edition includes: A concise introduction that gives the reader important background information ; A chronology of the author's life and work ; A timeline of significant events that provides the book's historical context ; An outline of key themes to guide the reader's own interpretations ; Detailed explanatory notes ; Critical analysis and modern perspectives on the work ; Discussion questions to promote lively classroom and book group interaction ; A list of recommended related books and films to broaden the reader's experience. |
| 700 1# - ADDED ENTRY--PERSONAL NAME | |
| Personal name | Baker, Laura. |
| 700 1# - ADDED ENTRY--PERSONAL NAME | |
| Personal name | Johnson, Cynthia, |
| Dates associated with a name | 1969- |
| 942 ## - ADDED ENTRY ELEMENTS (KOHA) | |
| Source of classification or shelving scheme | Dewey Decimal Classification |
| Koha item type | Books |
No items available.